000
00274nam a2200097Ia 4500
001
1116207
005
20250827004041.0
008
250824s9999 xx 000 0 und d
245
0
_a
BAŞLANGIÇLARIN SONSUZ MUTLULUĞU A5 11
_c
AYKUT ERTUĞRUL
260
_b
KETEBE YAYINLARI
999
_c
1116207
_d
1116207